Culture Générale - Série 2746 - Statistiques

Statistiques générales
  • Ce quiz a été pris 44 fois
  • Le résultat moyen est 5 sur 10
Statistiques - réponses
Question R éponse % Correct
Dans quel sport, l’équipe de France féminine a-t-elle remporté la coupe du monde en 2023 ? handball
80%
De quel groupe de rock Jim Morrison était-il le chanteur ? The Doors
68%
Dans quel pays fête-t-on la Holi, parfois appelée fête des couleurs ou Phalguna Inde
61%
Quel pays a officialisé en août 2024 sa nouvelle capitale nommée Nusantara ? Indonésie
59%
À quel auteur doit-on le roman “Les Aventures d'Alice au pays des merveilles” ? prénom et nom Lewis Carroll
51%
Dans un sketch devenu célèbre dans les années 60, quel comique essaie désespérément de joindre “le 22 à Asnières” ? prénom et nom Fernand Raynaud
44%
De quelle île le singe appelé " nasique " est-il endémique ? voir photo Bornéo
41%
Dans quelle ville française, Léonard de Vinci a-t-il vécu et où sa sépulture repose aujourd’hui ? Amboise
34%
Quel président des États-Unis d'Amérique a fêté ses 100 ans en 2024 ? prénom et nom Jimmy Carter
34%
Sous quel nom connait-on mieux l’acide L-ascorbique ? vitamine C
32%
Aucun quiz correspondant
Distribution des résultats
% des personnes avec chaque résultat
Percentile par nombre de réponses
Votre historique - résultats
Vous n’avez pas pris ce quiz